Elements of Income-Tax (Record no. 5972)
[ view plain ]
| 000 -LEADER | |
|---|---|
| fixed length control field | 00517cam a2200205ua 4500 |
| 008 - FIXED-LENGTH DATA ELEMENTS--GENERAL INFORMATION | |
| fixed length control field | 140219n ii |||gr||||Z||||||eng |
| 040 ## - CATALOGING SOURCE | |
| Transcribing agency | MAIN |
| 082 ## - DEWEY DECIMAL CLASSIFICATION NUMBER | |
| Classification number | 336.24 |
| 245 ## - TITLE STATEMENT | |
| Title | Elements of Income-Tax |
| Statement of responsibility, etc. | By Rup Ram Gupta |
| 250 ## - EDITION STATEMENT | |
| Edition statement | 20th ed. |
| 260 ## - PUBLICATION, DISTRIBUTION, ETC. | |
| Place of publication, distribution, etc. | Agra: |
| Name of publisher, distributor, etc. | Mira Prakashan, |
| Date of publication, distribution, etc. | 1971. |
| 300 ## - PHYSICAL DESCRIPTION | |
| Extent | x,308p. |
| 700 ## - ADDED ENTRY--PERSONAL NAME | |
| Personal name | Gupta,Rup Ram, |
| Relator term | |
| 700 ## - ADDED ENTRY--PERSONAL NAME | |
| Personal name | Gupta,Vishnu Saran, |
| Relator term | |
| 942 ## - ADDED ENTRY ELEMENTS (KOHA) | |
| Koha item type | Books |
| 653 ## - INDEX TERM--UNCONTROLLED | |
| Uncontrolled term | Public finance |
| 653 ## - INDEX TERM--UNCONTROLLED | |
| Uncontrolled term | Elements of Income-Tax |
| 653 ## - INDEX TERM--UNCONTROLLED | |
| Uncontrolled term | Commerce |
| Withdrawn status | Lost status | Damaged status | Not for loan | Home library | Current library | Shelving location | Date acquired | Total Checkouts | Full call number | Barcode | Date last seen | Copy number | Price effective from | Koha item type |
|---|---|---|---|---|---|---|---|---|---|---|---|---|---|---|
| Central Library, Naharkatiya College | Central Library, Naharkatiya College | General Stacks | 19/09/2020 | 336.24 | GUP | 13908 | 19/09/2020 | 1 | 19/09/2020 | Books |
